[Event "CAN-ch U18"]
[Site "Windsor"]
[Date "2016.07.06"]
[Round "2.7"]
[White "Washimkar, Atharva"]
[Black "Pruthi, Vijit"]
[Result "1-0"]
[WhiteElo "1636"]
[BlackElo "1125"]
[PlyCount "37"]
[EventDate "2016.07.05"]
[EventType "swiss"]
[EventRounds "7"]
[EventCountry "CAN"]
[SourceTitle "EXT 2022"]
[Source "ChessBase"]
[SourceDate "2021.10.06"]
[SourceVersion "1"]
[SourceVersionDate "2021.10.06"]
[SourceQuality "1"]

1. e4 e5 2. Nf3 Nc6 3. Bc4 Bc5 4. b4 Bxb4 5. c3 Ba5 6. d4 exd4 7. 0-0 Nge7 8. Qb3 0-0 9. cxd4 b5 10. Qxb5 Rb8 11. Qh5 Ng6 12. Ng5 h6 13. Qxg6 hxg5 14. Bxg5 Ne7 15. Qh5 Bb6 16. Nc3 Bb7 17. Rad1 Qe8 18. Rd3 Ng6 19. Rh3 1-0